Đang tải...

Freedom is not free

Chi tiết về thư mục
Tác giả chính: Khera, Shiv
Định dạng: Printed Book
Ngôn ngữ:English
Được phát hành: Delhi Macmillian India 2005
Những chủ đề:
LEADER 00500nam a22001577a 4500
005 20151215124831.0
008 090826t xxu||||| |||| 00| 0 eng d
082 |a 155.2  |b KHE 
100 |a Khera, Shiv  |9 165 
245 |a Freedom is not free 
300 |a 233p 
653 |a Freedom is not free 
942 |c BK  |6 _ 
260 |a Delhi  |b Macmillian India  |c 2005 
999 |c 92644  |d 92644 
952 |0 0  |1 0  |2 ddc  |4 0  |6 1552_KHE  |7 0  |9 116199  |a SMS  |b SMS  |c GEN  |d 2009-08-26  |l 2  |o 155.2 KHE  |p SMS023650  |r 2014-10-29  |s 2014-06-20  |w 2009-08-26  |y BK